000 00588nam a2200205Ia 4500
003 GCL
008 140319s9999 xx 000 0 ara d
040 _aGCL /
_cGCL
082 0 4 _a7000.1
_bج ا
100 1 _aحامد سعد
245 1 0 _aالمعنى الثقافى للثورة /
_cحامد سعد
260 _a[S.N] :
_bالهيئة القومية للبحث العلمى ،
_c1977
490 _a
650 0 4 _aفلسفة
650 0 4 _aالفن
650 0 4 _aالفن الحديث
650 0 4 _aتاريخ ونقد
650 0 4 _aالفن الاسلامى
942 _2ddc
_cBK
999 _c59089
_d59089